MARC

LEADER 00000nam0a2200000 4500
001 364496
005 20231102011708.0
035 |a (RuTPU)RU\TPU\retro\21854 
090 |a 364496 
100 |a 20211117d1981 m y0rusy50 ca 
101 0 |a rus 
102 |a RU 
105 |a a j 001zy 
200 1 |a Основы технологии горного производства  |e учебник для вузов  |f Я. Э. Некрасовский, О. В. Колоколов 
210 |a Москва  |c Недра  |d 1981 
215 |a 201 с.  |c ил. 
320 |a Библиогр.: с. 199 
606 1 |a Горные предприятия  |x Интенсификация  |2 stltpush  |3 (RuTPU)RU\TPU\subj\8207  |9 35677 
610 1 |a учебники 
610 1 |a горное производство 
610 1 |a технология 
610 1 |a вскрытие 
610 1 |a горные выработки 
610 1 |a очистные работы 
610 1 |a рудничный транспорт 
610 1 |a полезные ископаемые 
610 1 |a обогащение 
610 1 |a вентиляция 
610 1 |a охрана труда 
610 1 |a техника безопасности 
675 |a 622.2(075.8)  |v 4 
700 1 |a Некрасовский  |b Я. Э.  |g Яков Эльконович 
701 1 |a Колоколов  |b О. В.  |g Олег Васильевич 
801 1 |a RU  |b 63413507  |c 20211117 
942 |c BK